Rozpoznaj państwo po błędnie narysowanej fladze #1 - Statystyki

Ogólne statystyki
  • Ten quiz został rozwiązany 8 razy
  • Średni wynik to 15 z 20
Statystyki odpowiedzi
Obrazkowy Odpowiedź % Poprawnych
Albania
100%
Grecja
100%
Hiszpania
100%
Nepal
100%
Polska
100%
Szwecja
100%
Turcja
100%
Turkmenistan
100%
Argentyna
86%
Kirgistan
86%
Malezja
86%
Nowa Zelandia
71%
Zambia
71%
Bhutan
57%
Kanada
57%
Papua-Nowa Gwinea
57%
Senegal
43%
Brazylia
29%
Haiti
29%
Oman
14%
Nie znaleziono quizów pasujących do podanych kryteriów
Rozkład punktacji
Procent ludzi z każdym wynikiem
Percentyl według liczby udzielonych odpowiedzi
Twoja historia wyników
Nie rozwiązałeś tego quizu